Misha napodobňovala vŕtačku, Peter Lipa si pokojne čítal : košický maliar Viktor Šefčík zatiaľ maľuje iba portréty umelcov, neskôr možno bude aj smetiarov a bezdomovcov

Bibliographic Details
Other Authors: Šefčík, Viktor (Interviewer)
Format: Article
Language:Slovak
Subjects:
Source: 1. Košický večer. Korzár 1. 1336-5320 1. Roč. 17 (38), č. 17 (28.4.2006), s. 7
LEADER 00989nab#a2200313#ar4500
001 000079987
003 SVKKK
005 20060727080109.0
008 060607c2006 xo e slo
FMT
038 |a SVKKK 
040 |a SVKKK  |b slo  |e AACR2 
041 0 |a slo 
044 |a xo  |c SK 
080 |a 75  |2 1997 
080 |a 929 Šefčík, Viktor  |2 1997 
100 1 |a Božinovská, Andrea  |4 ivr 
245 1 0 |a Misha napodobňovala vŕtačku, Peter Lipa si pokojne čítal :  |b košický maliar Viktor Šefčík zatiaľ maľuje iba portréty umelcov, neskôr možno bude aj smetiarov a bezdomovcov  |c Andrea Božinovská 
300 |b Fotogr. 
600 1 4 |a Šefčík, Viktor,  |d 1960-,  |x akademický maliar  |z Košice (Slovensko)  |x pôsobenie 
700 1 |a Šefčík, Viktor  |4 ive 
773 0 |t Košický večer. Korzár  |x 1336-5320  |g Roč. 17 (38), č. 17 (28.4.2006), s. 7 
957 |a 802 
958 |a BX 
974 |a Čr 
992 |a RBX 
BAS
852 |a SVKKK  |b BIB 
998 |a REG